Studies on the mosquito fauna of Kerian District with emphasis on the mangrove swamp ecotype /
Saved in:
| Main Author: | |
|---|---|
| Format: | Thesis Book |
| Language: | English |
| Published: |
1994.
|
| Subjects: | |
| Tags: |
Add Tag
No Tags, Be the first to tag this record!
|
| LEADER | 00792cam a2200229 a 4500 | ||
|---|---|---|---|
| 001 | u357995 | ||
| 003 | SIRSI | ||
| 008 | 940826s1994 my a t 00 1 eng m | ||
| 035 | |a ABT-6551 | ||
| 040 | |a UMP | ||
| 096 | |a QX510 |b Abuha 1994 | ||
| 100 | 1 | 0 | |a Abu Hassan Ahmad. |
| 245 | 1 | 0 | |a Studies on the mosquito fauna of Kerian District with emphasis on the mangrove swamp ecotype / |c Abu Hassan bin Ahmad. |
| 260 | |c 1994. | ||
| 300 | |a ix, 152 l. : |b ill. ; |c 29 cm. | ||
| 502 | |a Thesis (Ph.D) -- Fakulti Perubatan, Universiti Malaya, 1994. | ||
| 504 | |a Bibliographical refrences : l.168-183 | ||
| 650 | 2 | |a Mosquitoes. | |
| 650 | 2 | |a Mosquitoes |z Kedah |z Kerian District. | |
| 948 | |a 26/08/1994 |b 22/05/2000 | ||
| 596 | |a 2 | ||
| 999 | |a QX510 ABUHA 1994 |w NLM |c 1 |i A502513828 |l TESIS |m P02MEDKL |r Y |s Y |t TESIS |u 5/7/2000 | ||
